Tres años al frente del Gobierno Civil de Barcelona
Descripción Física:
Il·lustracions
Colección:
San Jorge,
; núm. 14 (abril 1954), pàg 104-105
Materias:
Acedo Colunga, Felipe, -- 1896-1965
Idioma:
Español
MARC
| LEADER | 00000naa a2200000 a 4500 | ||
|---|---|---|---|
| 003 | Arxiu | ||
| 005 | 20260324181035.0 | ||
| 008 | 160829s1954 spcaxx s spa c | ||
| 040 | |a agdb | ||
| 245 | 0 | 0 | |a Tres años al frente del Gobierno Civil de Barcelona |
| 246 | 3 | 3 | |a 3 años al frente del Gobierno Civil de Barcelona |
| 300 | |b Il·lustracions | ||
| 490 | |a San Jorge, |v núm. 14 (abril 1954), pàg 104-105 | ||
| 600 | 1 | 0 | |a Acedo Colunga, Felipe, |d 1896-1965 |9 53867 |
| 773 | |g Núm. 14 (abril 1954), pàg 104-105 |t San Jorge. | ||
| 901 | |a Arxiu | ||
| 942 | |n 1 |2 udc |c ART | ||
| 952 | |0 0 |1 0 |4 0 |6 REV509 |7 1 |9 64784 |a Arxiu |b Arxiu |d 2022-12-13 |l 0 |o Rev-509 |r 2022-12-13 00:00:00 |w 2022-12-13 |y ARXIU | ||
| 999 | |c 48187 |d 48187 | ||